| 000 | 00482pam a2200157 a 4500 | ||
|---|---|---|---|
| 020 | _a0030604826 : | ||
| 040 | _cDLC | ||
| 082 | 0 | 0 | _a636 PRA 1982 A106 Or. |
| 245 | 0 | 0 | _aAnimal production in the tropics / |
| 260 |
_aNew York : _bPraeger, _c1982. |
||
| 300 |
_axvi, 376 p. : _bill. ; _c25 cm. |
||
| 500 | _aSelected papers from a symposium held Feb. 21-25, 1981 at the University of Gezira, Wad Medani, Sudan. | ||
| 650 | 0 | _aLivestock | |
| 700 | 1 | _aYousef, Mohamed K. | |
| 942 | _cEK | ||
| 999 |
_c16759 _d16759 |
||